Computer Organization and Architecture (Record no. 5526)

MARC details
000 -LEADER
fixed length control field 00378nam a2200157Ia 4500
008 - FIXED-LENGTH DATA ELEMENTS--GENERAL INFORMATION
fixed length control field 191201s2011 xx 000 0 und d
020 ## - INTERNATIONAL STANDARD BOOK NUMBER
International Standard Book Number 9788131732458
082 ## - DEWEY DECIMAL CLASSIFICATION NUMBER
Classification number 004.22
Item number STC
100 ## - MAIN ENTRY--PERSONAL NAME
Personal name STALLINGS, William
245 #0 - TITLE STATEMENT
Title Computer Organization and Architecture
250 ## - EDITION STATEMENT
Edition statement IMP
260 ## - PUBLICATION, DISTRIBUTION, ETC. (IMPRINT)
Place of publication, distribution, etc N. delhi
Name of publisher, distributor, etc pearson
Date of publication, distribution, etc 2011
300 ## - PHYSICAL DESCRIPTION
Extent 792
650 ## - SUBJECT ADDED ENTRY--TOPICAL TERM
Topical term or geographic name as entry element MCA
942 ## - ADDED ENTRY ELEMENTS (KOHA)
Source of classification or shelving scheme Dewey Decimal Classification
Koha item type Text Books
Holdings
Withdrawn status Lost status Source of classification or shelving scheme Damaged status Not for loan Collection code Home library Current library Date acquired Source of acquisition Cost, normal purchase price Bill Number Total Checkouts Full call number Acc. no. / Barcode Date last seen Bill Date Koha item type Date last borrowed
    Dewey Decimal Classification     MCA PIET C-LIBRARY PIET C-LIBRARY 03/10/2012 IBH, New Delhi 499.00 12615   004.22 STC 21215 04/12/2019 29/09/2012 Text Books  
    Dewey Decimal Classification     MCA PIET C-LIBRARY PIET C-LIBRARY 03/10/2012 IBH, New Delhi 499.00 12615   004.22 STC 21216 04/12/2019 29/09/2012 Text Books  
    Dewey Decimal Classification     MCA PIET C-LIBRARY PIET C-LIBRARY 03/10/2012 IBH, New Delhi 499.00 12615   004.22 STC 21217 04/12/2019 29/09/2012 Text Books  
    Dewey Decimal Classification     MCA PIET C-LIBRARY PIET C-LIBRARY 03/10/2012 IBH, New Delhi 499.00 12615   004.22 STC 21218 04/12/2019 29/09/2012 Text Books  
    Dewey Decimal Classification     MCA PIET C-LIBRARY PIET C-LIBRARY 03/10/2012 IBH, New Delhi 499.00 12615 1 004.22 STC 21219 30/01/2024 29/09/2012 Text Books 12/01/2024
    Dewey Decimal Classification     MCA PIET C-LIBRARY PIET C-LIBRARY 03/10/2012 IBH, New Delhi 499.00 12615   004.22 STC 21220 04/12/2019 29/09/2012 Text Books  
    Dewey Decimal Classification     MCA PIET C-LIBRARY PIET C-LIBRARY 03/10/2012 IBH, New Delhi 499.00 12615   004.22 STC 21221 04/12/2019 29/09/2012 Text Books  
    Dewey Decimal Classification     MCA PIET C-LIBRARY PIET C-LIBRARY 03/10/2012 IBH, New Delhi 499.00 12615   004.22 STC 21222 04/12/2019 29/09/2012 Text Books  

Design & Developed by: PIET Central Library
R70 Miles Stone Pattikalyana Samalkha Panipat 132102
mail ID :- [email protected], Phone No:- 0180-2569700 Ex.216